MLB All Decade Team 2010's - Statistics

General Stats
  • This quiz has been taken 55 times
  • The average score is 9 of 16
Answer Stats
Position Player % Correct
Starting Pitcher Max Scherzer
90%
Starting Pitcher Clayton Kershaw
88%
Starting Pitcher Justin Verlander
88%
Catcher Buster Posey
86%
Outfield Mike Trout
86%
First Base Miguel Cabrera
78%
Second Base Jose Altuve
63%
Relief Pitcher Aroldis Chapman
57%
Outfield Mookie Betts
49%
Relief Pitcher Craig Kimbrel
45%
Outfield Andrew McCutchen
39%
Shortstop Francisco Lindor
39%
Starting Pitcher Zack Greinke
35%
Third Base Adrian Beltre
31%
Starting Pitcher Chris Sale
31%
Designated Hitter Nelson Cruz
29%
No matching quizzes found
Score Distribution
Percent of People with Each Score
Percentile by Number Answered
Your Score History
You have not taken this quiz